000 00310nam a22001337a 4500
008 181102b xxu||||| |||| 00| 0 eng d
020 _a0893890227
041 _aeng
080 _a612.39
100 _a10
101 _aNUT
245 _aDiet & Nutrition a holistic approach
_cBallentine,R
942 _2udc
_cBK
999 _c51678
_d51678